Statistics for Australian Sports Team Chain

Click here to take the quiz!

General Stats

  • This quiz has been taken 6 times
  • The average score is 8 of 10

Answer Stats

HintAnswer% Correct
Which BBL team plays their home games at the GABBA?Heat
100%
Which BBL team is from Western Australia?Scorchers
100%
Which AFL team play their home games at the SCG?Swans
100%
Which BBL team is Jason Sangha the captain of?Thunder
100%
Which NRL team is the only team from Victoria?Storm
83%
Danny Vukovic is the captain of which A-League team?Mariners
67%
Ross Aloisi is the head coach of which A-League team?Roar
67%
Marvel Stadium is the home of which Victoria AFL team?Saints
67%
Blake Solly is the CEO of which NRL team?Rabbitohs
50%
Which team won the 2016 NRL premiership?Sharks
50%

Score Distribution

Percentile by Number Answered

Percent of People with Each Score

Your Score History

You have not taken this quiz